000 00798nam a2200253 a 4500
001 000009897
003 DO-SdBNP
005 20170925140447.0
007 000009897
008 091002s2002 dr a 000 p spa d
040 _aBPMSU
_bspa
_cBPMSU
082 4 _aRD861.44
_bC957a
100 1 _aCruz Miniño, Milagros Altagracia
245 1 0 _aAlto vuelo de gaviota /
_cMilagros Altagracia Cruz Miniño.
260 _aSanto Domingo :
_bBúho,
_c2002.
300 _a92 p. :
_bil. ;
_c23 cm.
500 _aIncluye datos biográficos del autor en la solapa de la cubierta.
650 4 _aPOESÍA DOMINICANA
650 4 _aLITERATURA DOMINICANA
910 _aValidado. Control de calidad BNPHU
942 _2ddc
_cBK
945 _a Inventariado / 2017 VM
956 _aVMATEO
_b10
_c20150413
_lBPMSU
_h00151
999 _c7613
_d7613